|
|
|
|
| LEADER |
00855nam a22002177a 4500 |
| 001 |
12968 |
| 003 |
BD-DhAAL |
| 005 |
20180410104538.0 |
| 008 |
141209s2005 bg ||||| |||| 00| 0 ben d |
| 999 |
|
|
|c 33291
|d 33291
|
| 040 |
|
|
|a BD-DhAAL
|c BD-DhAAL
|
| 082 |
|
|
|2 22
|a 891/.4416
|
| 100 |
|
|
|a রহমান, আতাউর
|9 6790
|
| 245 |
|
|
|a নজরুল ইসলাম /
|c আতাউর রহমান
|
| 260 |
|
|
|a ঢাকা :
|b নজরুল ইন্সটিউট,
|c ২০০৫
|
| 300 |
|
|
|a ১১২ পৃষ্ঠা :
|c ২২ সে. মি.
|
| 541 |
|
|
|e 12968
|
| 600 |
|
|
|a Nazrul Islam, Kazi
|d 1899-1976
|9 6497
|
| 852 |
|
|
|a Ayesha Abed Library
|c General Stacks
|
| 942 |
|
|
|2 ddc
|c BK
|
| 952 |
|
|
|0 0
|1 0
|2 ddc
|4 0
|6 891_441600000000000_RAH
|7 0
|9 44456
|a BRACUL
|b BRACUL
|c GEN
|d 2014-12-09
|g 50.00
|l 0
|o 891.4416 RAH
|p 3010012968
|r 2014-12-09
|t 1
|w 2014-12-09
|y BK
|